000 00833cam a22002534a 4500
003 UPN
005 20240621063646.0
008 090216s2005 es a r 000 f spa d
020 _a8420672556
035 _aUPN01000169306
040 _aUPN
_bspa
_cUPN
049 _aCG
050 4 _aPQ2469 E8
_bC5g
100 1 _aVerne, Jules,
_d1828-1905
_927907
245 1 0 _aCinco semanas en globo :
_bviaje de descubrimientos en África por tres ingleses /
_cJules Verne ; il. Riou y De Montaut ; tr. Juana Salabert.
260 _aMadrid :
_bAlianza,
_c2005.
300 _a334 p. :
_bil.
490 0 _aEl libro de bolsillo. Biblioteca juvenil
534 _pTítulo original:
_tCinq semaines en ballon
650 7 _aLiteratura juvenil francesa
_2
_912358
650 0 _aHistorias de aventuras
_94131
905 _aLibro
942 _2lcc
_cLIBRO
999 _c141412
_d141412